000 01154naa a22003257a 4500
001 BR8305461
003 BR-BrBNA
005 20250721143232.0
007 ta
008 250630b bl.|||m| |||| 00| 0 por d
040 _aBR-BrBNA
_bpor
_cBiblioteca Nacional de Agricultura
041 _a(Pt)
072 _aL36
_b0170
_b3575
090 _aL36 BR8305461
100 1 _aPetiz, C.A.T.
100 1 _aRoja, L.S.
100 1 _aNascimento, S.L.S.
100 1 _aPetiz, A.L.
111 1 _a12. Reuniao Tecnica Anual do Sorgo
_cPelotas, RS (Brazil)
_d9-12 Aug 1983
245 1 _aDeterminacao da quantidade de tanino em semente de sorgo [Sorghum spp]
500 _aAnais da 12. Reuniao Tecnica Anual do Sorgo Pelotas, RS (Brasil): 1983. p. 85-86 (BR8305461-AMS)
773 0 _tAnais da 12. Reuniao Tecnica Anual do Sorgo
_wL36 BR8305461
_gPelotas, RS (Brasil), 1983. p. 85-86
650 _aSORGO
650 _aSEMENTE
650 _aTANINO
650 _aCOMPOSICAO DE ALIMENTO
490 _aDocumentos - Unidade de Execucao de Pesquisa de Ambito Estadual de Pelotas (Brazil)
_vno. 15
942 _cAMS
_2AGRIS
909 _a202506
_bLúcia
_c55
_dLúcia Elande
999 _c334578
_d334578